The Biggest Cities in Sweden - Statistics

General Stats
  • This quiz has been taken 20 times
  • The average score is 12 of 20
Answer Stats
Population City % Correct
995.974 Stockholm
100%
365.644 Malmö
94%
608.993 Göteborg
88%
144.980 Norrköping
88%
147.654 Jönköping
82%
168.035 Linköping
82%
248.016 Uppsala
82%
160.034 Västerås
82%
134.249 Umeå
76%
152.091 Helsingborg
71%
103.838 Gävle
59%
160.140 Örebro
59%
131.590 Lund
53%
102.914 Södertälje
47%
107.203 Eskilstuna
29%
114.872 Borås
24%
106.084 Halmstad
24%
112.112 Nacka
12%
100.895 Haninge
6%
114.304 Huddinge
6%
No matching quizzes found
Score Distribution
Percent of People with Each Score
Percentile by Number Answered
Your Score History
You have not taken this quiz